In search of a character : two African journals (Record no. 1749)

MARC details
000 -LEADER
fixed length control field 00322nam a2200109 4500
082 ## - DEWEY DECIMAL CLASSIFICATION NUMBER
Classification number 823.91
Item number GRE
100 ## - MAIN ENTRY--PERSONAL NAME
Personal name Greene, Graham
245 ## - TITLE STATEMENT
Title In search of a character : two African journals
Statement of responsibility, etc. Graham Greene
260 ## - PUBLICATION, DISTRIBUTION, ETC.
Place of publication, distribution, etc. Harmondsworth,Eng
Name of publisher, distributor, etc. Penguin Books
Date of publication, distribution, etc. 1969[reprinted 1971]
300 ## - PHYSICAL DESCRIPTION
Extent 105p.; 18cm.-
490 ## - SERIES STATEMENT
Series statement Penguin books
Holdings
Withdrawn status Lost status Damaged status Not for loan Collection code Home library Current library Date acquired Total Checkouts Full call number Barcode Date last seen Copy number Price effective from Koha item type
        ACADEMIC STAFF COLLEGE North Eastern Hill University North Eastern Hill University 18/11/2011   823.91 GRE 1530 18/11/2011 ;1 18/11/2011 Books
        ENGLISH North Eastern Hill University North Eastern Hill University 18/11/2011   823.91 GRE A1074 18/11/2011   18/11/2011 Books